000 003210000a22001330004500
041 0 _aSPA
082 0 4 _aG 863 C6972d
100 1 _aCollazos, Oscar (1942-)
245 1 0 _aLos días de la paciencia / Oscar Collazos
260 _aBogotá, Colombia : Círculo de Lectores
300 _a193 Pag
001 11074
942 _cBK
999 _c40445
_d40445